[Event "PKL 2004 Kampioensgroep"]
[Site "PKL 2004 Kampioensgroep ronde "]
[Date "2004.11.20"]
[Round "1"]
[White "Simenon, Jozef"]
[Black "Bus, Tom"]
[Result "1/2-1/2"]
[WhiteElo "2065"]
[BlackElo "2072"]
[PlyCount "26"]
[EventDate "2004.??.??"]

1. c4 Nf6 2. Nc3 c5 3. g3 d5 4. cxd5 Nxd5 5. Bg2 Nc7 6. Nf3 Nc6 7. O-O e5 8. d3
Be7 9. Nd2 Bd7 10. Nc4 f6 11. f4 b5 12. Ne3 Rb8 13. Nf5 b4 $10 1/2-1/2

[Event "PKL 2004 Kampioensgroep"]
[Site "PKL 2004 Kampioensgroep ronde "]
[Date "2004.11.20"]
[Round "1"]
[White "van Haren, Marcel"]
[Black "van Gool, Henk"]
[Result "0-1"]
[WhiteElo "1871"]
[BlackElo "2096"]
[PlyCount "40"]
[EventDate "2004.??.??"]

1. e4 e5 2. Nc3 Nf6 3. f4 d5 4. fxe5 Nxe4 5. Nf3 Be7 6. Qe2 f5 7. d3 Nc5 8. Bf4
d4 9. Nd1 Ne6 10. Bd2 c5 11. Nf2 O-O 12. O-O-O Nc6 13. g4 fxg4 14. Nxg4 Qd5 15.
Nf6+ gxf6 16. Rg1+ Kh8 17. c4 dxc3 18. Bxc3 Ncd4 19. Bxd4 cxd4 20. Kb1 Nf4 0-1

[Event "PKL 2004 Kampioensgroep"]
[Site "PKL 2004 Kampioensgroep ronde "]
[Date "2004.11.20"]
[Round "1"]
[White "Metsemakers, Peter"]
[Black "Seip, Rien"]
[Result "0-1"]
[WhiteElo "1949"]
[BlackElo "1900"]
[PlyCount "50"]
[EventDate "2004.??.??"]

1. e4 e6 2. d4 d5 3. e5 c5 4. c3 Qb6 5. Nf3 Nc6 6. a3 c4 7. Be2 f6 8. exf6 Nxf6
9. O-O Bd6 10. Re1 O-O 11. Nbd2 Bd7 12. b3 cxb3 13. Rb1 e5 14. Rxb3 Qc7 15.
dxe5 Nxe5 16. Rb1 Neg4 17. Nf1 Nxf2 18. Kxf2 Bc5+ 19. Ne3 Ng4+ 20. Kf1 Bxe3 21.
Qxd5+ Kh8 22. Bb5 Bxb5+ 23. Rxb5 Bxc1 24. Rxb7 Qxc3 25. Ree7 Ne3+ 0-1

[Event "PKL 2004 Eerste klasse"]
[Site "PKL 2004 Eerste klasse ronde 1"]
[Date "2004.11.20"]
[Round "1"]
[White "Sofic, Narcis"]
[Black "Roufs, Gerard"]
[Result "0-1"]
[WhiteElo "1605"]
[BlackElo "1914"]
[PlyCount "38"]
[EventDate "2004.??.??"]

1. d4 d5 2. c4 c6 3. Nc3 Nf6 4. Bg5 e6 5. Nf3 dxc4 6. e4 b5 7. e5 h6 8. Bh4 g5
9. Nxg5 hxg5 10. Bxg5 Nbd7 11. Qf3 Qb6 12. exf6 Bb7 13. Qf4 O-O-O 14. Rd1 c5
15. d5 exd5 16. Nxd5 Bxd5 17. Rxd5 Qe6+ 18. Be2 Qxd5 19. Bf3 Qe5+ 0-1

[Event "PKL 2004 Eerste Klasse"]
[Site "PKL 2004 Eerste Klasse ronde 1"]
[Date "2004.11.20"]
[Round "1"]
[White "Scheeren, Fred"]
[Black "Smit, Melvin"]
[Result "1/2-1/2"]
[WhiteElo "1970"]
[BlackElo "1755"]
[PlyCount "42"]
[EventDate "2004.??.??"]

1. e4 c5 2. Nf3 d6 3. d4 cxd4 4. Nxd4 Nf6 5. Nc3 a6 6. Be2 e5 7. Nb3 Be6 8. O-O
Be7 9. f4 Qc7 10. f5 Bc4 11. a4 Nbd7 12. Be3 O-O 13. Kh1 Rac8 14. Nd2 Bxe2 15.
Qxe2 Nb6 16. Bg5 Nbd7 17. Rad1 Rfd8 18. Ndb1 Qb6 19. b3 Rc6 20. Rf3 Rdc8 21.
Rg3 Kf8 $10 1/2-1/2

[Event "PKL 2004 Eerste Klasse"]
[Site "PKL 2004 Eerste Klasse ronde 1"]
[Date "2004.11.20"]
[Round "1"]
[White "Heirich, Andreas"]
[Black "Aben, Paul"]
[Result "0-1"]
[WhiteElo "1773"]
[BlackElo "1746"]
[PlyCount "34"]
[EventDate "2004.??.??"]

1. b3 e5 2. Bb2 Nc6 3. e3 d5 4. Bb5 Bd6 5. Nc3 Nf6 6. Qe2 O-O 7. O-O-O Re8 8.
f3 a6 9. Bxc6 bxc6 10. g4 d4 11. Nb1 Nd5 12. c3 a5 13. a3 c5 14. h4 a4 15. bxa4
Ba6 16. Qg2 Qd7 17. exd4 Bd3 0-1

[Event "PKL 2004 Tweede Klasse"]
[Site "PKL 2004 Tweede Klasse ronde 1"]
[Date "2004.11.20"]
[Round "1"]
[White "Roesler, Manfred"]
[Black "Leenders, Hans"]
[Result "1-0"]
[WhiteElo "1605"]
[BlackElo "1659"]
[PlyCount "93"]
[EventDate "2004.??.??"]

1. d4 d5 2. c4 e6 3. Nc3 Nf6 4. Bg5 Be7 5. e3 O-O 6. Nf3 b6 7. cxd5 exd5 8. Be2
c6 9. O-O Nbd7 10. Rc1 Bb7 11. a3 Rc8 12. b4 Re8 13. Re1 a5 14. bxa5 Bxa3 15.
Rb1 b5 16. Rb3 Be7 17. Qd2 Qxa5 18. Nxd5 Qxd2 19. Nxe7+ Rxe7 20. Nxd2 h6 21.
Bh4 g5 22. Bg3 Ra8 23. Nf3 Ne4 24. Bd3 Nxg3 25. hxg3 Ra5 26. Rc1 g4 27. Nh4 h5
28. Nf5 Re6 29. Rb2 Nf6 30. Kf1 Nd5 31. Ke2 Ne7 32. f3 gxf3+ 33. gxf3 Nxf5 34.
Bxf5 Re7 35. Be4 Ra3 36. Rc5 Ba6 37. Rxh5 b4+ 38. Kf2 Ra1 39. g4 b3 40. Rxb3
Rf1+ 41. Kg3 Rg1+ 42. Kh2 Re1 43. Rg5+ Kf8 44. Kg3 Rg1+ 45. Kf4 f6 46. Rh5 f5
47. Rxf5+ 1-0

[Event "PKL 2004 Tweede Klasse"]
[Site "PKL 2004 Tweede Klasse ronde 1"]
[Date "2004.11.20"]
[Round "1"]
[White "Schreurs, Joost"]
[Black "van Vliembergen, Marina"]
[Result "1-0"]
[WhiteElo "1605"]
[BlackElo "1605"]
[PlyCount "43"]
[EventDate "2004.??.??"]

1. e4 e6 2. d4 d5 3. Nd2 Nf6 4. e5 Nfd7 5. Qg4 c5 6. c3 Nc6 7. Bd3 h5 8. Qf4
Be7 9. Ndf3 O-O 10. Qg3 Kh8 11. Nh3 cxd4 12. Nf4 Ndxe5 13. Nxe5 Nxe5 14. Bc2
Bh4 15. Qh3 dxc3 16. O-O Nc4 17. Qd3 g6 18. Nxg6+ fxg6 19. Qxg6 Qe7 20. Qxh5+
Kg8 21. Qg4+ Kf7 22. Qg6# 1-0

[Event "PKL 2004 Tweede Klasse"]
[Site "PKL 2004 Tweede Klasse ronde 1"]
[Date "2004.11.20"]
[Round "1"]
[White "Clevers, Frank"]
[Black "Janssen, Maurice"]
[Result "1/2-1/2"]
[WhiteElo "1609"]
[BlackElo "1615"]
[PlyCount "77"]
[EventDate "2004.??.??"]

1. e4 e5 2. Nf3 Nc6 3. Bb5 Nf6 4. O-O Bc5 5. Nc3 d6 6. h3 O-O 7. Bxc6 bxc6 8.
d3 h6 9. Ne2 Re8 10. c3 d5 11. Ng3 Ba6 12. Re1 dxe4 13. dxe4 Qd3 14. Qxd3 Bxd3
15. b4 Bb6 16. a4 a5 17. Bb2 c5 18. b5 Rac8 19. c4 Bxc4 20. Nxe5 Be6 21. Nc6
Bd7 22. Rad1 Bxc6 23. bxc6 Re6 24. e5 Rce8 25. Bc3 Nh7 26. f4 c4+ 27. Kf1 Rxc6
28. Rd5 f6 29. Bxa5 fxe5 30. fxe5 c3 31. Rc1 Bxa5 32. Rxa5 c2 33. Rb5 Rd8 34.
Ke2 Rg6 35. Rb3 Rg5 36. Re3 Re8 37. Rxc2 Rgxe5 38. Rxe5 Rxe5+ 39. Kd3 1/2-1/2

[Event "PKL 2004 Tweede Klasse"]
[Site "PKL 2004 Tweede Klasse ronde 1"]
[Date "2004.11.20"]
[Round "1"]
[White "Kleijnen, Jos"]
[Black "Bomhoff, Bert"]
[Result "1/2-1/2"]
[WhiteElo "1605"]
[BlackElo "1605"]
[PlyCount "76"]
[EventDate "2004.??.??"]

1. d4 d5 2. Nf3 Nf6 3. Bg5 e6 4. e3 a6 5. Bd3 Nbd7 6. O-O c5 7. c3 Be7 8. Nbd2
h6 9. Bh4 b6 10. e4 dxe4 11. Nxe4 Bb7 12. Re1 O-O 13. Ne5 cxd4 14. cxd4 Nd5 15.
Bxe7 Qxe7 16. Rc1 Nb4 17. Rc7 Bc8 18. Qb3 Nxd3 19. Qxd3 Qb4 20. Qc3 Qxc3 21.
bxc3 Nxe5 22. dxe5 a5 23. Nd6 Ba6 24. a3 Rab8 25. h3 Bd3 26. Re3 Bc2 27. Re2
Bb3 28. Rb2 a4 29. Rd2 b5 30. Rd4 f6 31. Rf4 g5 32. exf6 Rxf6 33. Rb4 Rbf8 34.
Rc8 Rxc8 35. Nxc8 Rf5 36. Nd6 Rf8 37. Nxb5 Rc8 38. Nd4 Rxc3 {39. Pb2 Tc2 40.
Pxa4 Lxa4 41. Txa4 Kg7 42. Ta7+ Kf6 43. a4 Kf5 44. a5 Ta2 45. a6 Kf4 46. Tf7+
Ke5 47. a7 h5 48. Kf1 Ke4 49. g3 g4 50. hxg4 hxg4 51. Tf4+ Ke5 52. Txg4 Txa7
53. Tf4 Ta2 54. Kg2 Kd5 55. g4 e5 56.Tf5 Ke6 57.Kg3 Ta3+ 58. Kh4 Ta8 59. f3
Tg8} 1/2-1/2

[Event "PKL 2004 Senioren"]
[Site "PKL 2004 Senioren ronde 1"]
[Date "2004.11.20"]
[Round "1"]
[White "Swanenberg, Ad"]
[Black "Beckers, Piet"]
[Result "1-0"]
[WhiteElo "1791"]
[BlackElo "1677"]
[PlyCount "77"]
[EventDate "2004.??.??"]

1. c4 e5 2. Nc3 c5 3. g3 Nc6 4. Bg2 Nf6 5. a3 Rb8 6. e3 Be7 7. Nge2 d6 8. Qc2
Be6 9. b3 Qd7 10. Nd5 O-O 11. Nec3 Ng4 12. f3 Nh6 13. Bb2 f5 14. O-O-O a6 15.
Nb6 Qe8 16. h4 Bd8 17. Ncd5 Bxb6 18. Nxb6 Ne7 19. d4 cxd4 20. exd4 Qd8 21. d5
Bf7 22. Qf2 Bh5 23. Rde1 Nc8 24. Nxc8 Rxc8 25. Kb1 Qd7 26. Bh3 b5 27. Rc1 bxc4
28. Rxc4 Qb5 29. Rxc8 Rxc8 30. g4 Qd3+ 31. Ka2 fxg4 32. fxg4 Nxg4 33. Qg2 Rc2
34. Qg1 Qe2 35. Qb1 Qe4 36. Rc1 Ne3 37. Be6+ Kf8 38. Rxc2 Qxc2 39. Qe1 1-0

[Event "PKL 2004 Senioren"]
[Site "PKL 2004 Senioren ronde 1"]
[Date "2004.11.20"]
[Round "1"]
[White "van  Pol, Tjeu"]
[Black "van Odijk, Frank"]
[Result "1/2-1/2"]
[WhiteElo "1605"]
[BlackElo "1605"]
[PlyCount "100"]
[EventDate "2004.??.??"]

1. d4 Nf6 2. Nf3 d5 3. Bg5 e6 4. Nbd2 Be7 5. e3 O-O 6. c4 c5 7. dxc5 Bxc5 8.
cxd5 exd5 9. Nb3 Bb4+ 10. Nfd2 Nc6 11. Bb5 a6 12. Bxc6 bxc6 13. Nd4 Bb7 14. a3
Be7 15. Rc1 Rc8 16. b4 h6 17. Bh4 Ne4 18. Bxe7 Qxe7 19. Qg4 Nxd2 20. Kxd2 Rc7
21. Nf5 Qf6 22. Qf4 Rd7 23. Rc2 Re8 24. Nd4 Qxf4 25. exf4 Rde7 26. Kd1 Re4 27.
Ne2 a5 28. f3 Rc4 29. Rxc4 dxc4 30. Nc3 axb4 31. axb4 Bc8 32. Re1 Rd8+ 33. Kc2
Bf5+ 34. Ne4 Rd3 35. Rd1 Re3 36. Rd8+ Kh7 37. Rd6 Bxe4+ 38. fxe4 Rb3 39. Rxc6
Rxb4 40. Kc3 Ra4 41. Rd6 Ra2 42. Rd2 Ra4 43. g4 g6 44. h4 h5 45. gxh5 gxh5 46.
Rg2 Ra3+ 47. Kxc4 Rh3 48. Kd5 Rxh4 49. Ke5 Rg4 50. Rh2 Kg6 $10 1/2-1/2

[Event "PKL 2004 Senioren"]
[Site "PKL 2004 Senioren ronde 1"]
[Date "2004.11.20"]
[Round "1"]
[White "Dupont, Frank"]
[Black "Scheeren, Wiel"]
[Result "1-0"]
[WhiteElo "1605"]
[BlackElo "1605"]
[PlyCount "104"]
[EventDate "2004.??.??"]

1. d4 f5 2. c4 Nf6 3. Nc3 g6 4. Nf3 d6 5. g3 Bg7 6. Bg2 c6 7. O-O O-O 8. b4 Qc7
9. Qb3 Kh8 10. Bb2 e5 11. e3 e4 12. Nd2 Be6 13. d5 Bg8 14. Rac1 Nbd7 15. Rc2
Ne5 16. a4 Qe7 17. Ba3 a6 18. a5 Nd3 19. h3 Rab8 20. dxc6 bxc6 21. Qa4 c5 22.
b5 axb5 23. cxb5 Qd7 24. Rb1 Nd5 25. Nxd5 Bxd5 26. Bf1 Ra8 27. Nc4 Bxc4 28.
Rxc4 d5 29. Rc2 Rfc8 30. Bxd3 exd3 31. Rxc5 Rxc5 32. Bxc5 Rc8 33. Bd4 Rc4 34.
Bxg7+ Qxg7 35. Qa3 d2 36. Kg2 Kg8 37. Qd3 Qe5 38. Rd1 Rc3 39. Qxd2 Qe4+ 40. Kg1
Rc5 41. Qb2 Qa4 42. Rb1 Qxa5 43. b6 Rc8 44. b7 Rb8 45. Qb3 Kf7 46. Qc2 Qd8 47.
Qc6 Ke7 48. Rb6 Kf7 49. Qe6+ Kf8 50. Rc6 Kg7 51. Rc8 Rxc8 52. bxc8=Q Qxc8 1-0

[Event "PKL 2004 Veteranen"]
[Site "PKL 2004 Veteranen ronde 1"]
[Date "2004.11.20"]
[Round "1"]
[White "Meijerink, Harrie"]
[Black "Simonis, Peter"]
[Result "1-0"]
[WhiteElo "1659"]
[BlackElo "1768"]
[PlyCount "49"]
[EventDate "2004.??.??"]

1. d4 d5 2. c4 c6 3. Nf3 Nf6 4. e3 e6 5. Nc3 Nbd7 6. Bd3 dxc4 7. Bxc4 b5 8. Bd3
a6 9. e4 Bb4 10. O-O c5 11. a3 Bxc3 12. bxc3 c4 13. Bc2 Qa5 14. Bd2 O-O 15. a4
Bb7 16. axb5 Qxb5 17. Ba4 Qh5 18. e5 Ng4 19. h3 Bxf3 20. Qxf3 Ndf6 21. exf6
Nxf6 22. Bc6 Qxf3 23. Bxf3 Nd5 24. Ra5 Rfd8 25. Rfa1 1-0

[Event "PKL 2004 Veteranen"]
[Site "PKL 2004 Veteranen ronde 1"]
[Date "2004.11.20"]
[Round "1"]
[White "Tammen, Fred"]
[Black "de Wit, Gerrit"]
[Result "1-0"]
[WhiteElo "1648"]
[BlackElo "1801"]
[PlyCount "119"]
[EventDate "2004.??.??"]

1. d4 Nf6 2. c4 g6 3. Nc3 Bg7 4. e4 d6 5. f3 O-O 6. Be3 c6 7. Qd2 e5 8. Nge2
Nbd7 9. O-O-O Qa5 10. Kb1 b5 11. cxb5 cxb5 12. Nc1 a6 13. Nb3 Qc7 14. dxe5 dxe5
15. Rc1 Qb8 16. Be2 Bb7 17. Rhd1 Rd8 18. Na5 Bf8 19. Bg5 Rc8 20. Nxb7 Qxb7 21.
Bd3 b4 22. Na4 b3 23. a3 Ne8 24. Bc4 Ndf6 25. Be3 Rc6 26. Qc3 Rb8 27. Bxf7+
Kxf7 28. Qxc6 Nd6 29. Qxb7+ Rxb7 30. Rc6 Nb5 31. Rdc1 Bxa3 32. bxa3 Nxa3+ 33.
Kb2 Nc2 34. Bb6 Nb4 35. Rc7+ Rxc7 36. Rxc7+ Ke8 37. Kxb3 Nd3 38. Rc6 Nd7 39.
Nc5 Ne1 40. Nxd7 Kxd7 41. Rc7+ Ke6 42. Rxh7 Nxg2 43. Ra7 Ne1 44. Bf2 Nxf3 45.
Rxa6+ Kf7 46. Kc4 Nxh2 47. Kd5 Ng4 48. Bg3 g5 49. Bxe5 Ne3+ 50. Kd4 Nc2+ 51.
Kc5 Ne3 52. Rf6+ Ke7 53. Rf3 Ke6 54. Rxe3 Kxe5 55. Kc6 g4 56. Kc5 Kf4 57. Re1
g3 58. Kd4 g2 59. Rg1 Kf3 60. Rxg2 1-0

[Event "PKL 2004 Kampioensgroep"]
[Site "PKL 2004 Kampioensgroep ronde "]
[Date "2004.11.20"]
[Round "2"]
[White "Simenon, Jozef"]
[Black "Peeters, Geert"]
[Result "1/2-1/2"]
[WhiteElo "2065"]
[BlackElo "2057"]
[PlyCount "51"]
[EventDate "2004.??.??"]

1. c4 e5 2. Nc3 Nf6 3. g3 d5 4. cxd5 Nxd5 5. Bg2 Nb6 6. Nf3 Nc6 7. O-O Be7 8.
d3 g5 9. b3 g4 10. Nd2 h5 11. Bb2 h4 12. Nc4 hxg3 13. hxg3 f6 14. Nxb6 axb6 15.
Nd5 Be6 16. e4 Bc5 17. a3 Bd4 18. Bxd4 Nxd4 19. f4 c6 20. fxe5 cxd5 21. exd5
Bxd5 22. Qxg4 Be6 23. Qg6+ Bf7 24. Qe4 f5 25. Qxb7 Rc8 26. Rae1 1/2-1/2

[Event "PKL 2004 Kampioensgroep"]
[Site "PKL 2004 Kampioensgroep ronde "]
[Date "2004.11.20"]
[Round "2"]
[White "van Gool, Henk"]
[Black "Metsemakers, Peter"]
[Result "1-0"]
[WhiteElo "2096"]
[BlackElo "1900"]
[PlyCount "101"]
[EventDate "2004.??.??"]

1. e4 e5 2. Nf3 Nc6 3. Nc3 Nf6 4. h3 d5 5. exd5 Nxd5 6. Bb5 Nxc3 7. bxc3 Bd6 8.
O-O O-O 9. Re1 Re8 10. d3 h6 11. c4 e4 $10 12. dxe4 Rxe4 13. Be3 Bd7 14. c5 Bf8
15. Qd5 Re8 16. Rab1 Be6 17. Qxd8 Rexd8 18. Bxc6 bxc6 19. Rb7 Bxa2 20. Ra1 Bd5
21. Raxa7 Rxa7 22. Rxa7 Bxf3 23. gxf3 Rd5 24. Rxc7 Bxc5 25. Rxc6 Bxe3 26. fxe3
Rd2 27. h4 Kf8 28. Kf1 Ke7 29. Ke1 Rh2 30. Rc4 Ke6 31. Kd1 Rf2 32. Re4+ Kf5 33.
Rf4+ Ke6 34. e4 f6 35. h5 Rg2 36. Rf5 g6 37. hxg6 Rxg6 38. Kd2 Rg2+ 39. Kd3 Rf2
40. c4 h5 41. Ke3 Rc2 42. Kd4 Rf2 43. Kc5 h4 44. Rh5 Rxf3 45. Rxh4 Ke5 46. Kc6
Kd4 47. c5 Rc3 48. Kd6 Kc4 49. e5+ Kb5 50. exf6 Rxc5 51. Rf4 1-0

[Event "PKL 2004 Kampioensgroep"]
[Site "PKL 2004 Kampioensgroep ronde "]
[Date "2004.11.20"]
[Round "2"]
[White "Coenen, Eduard"]
[Black "van Haren, Marcel"]
[Result "1-0"]
[WhiteElo "2008"]
[BlackElo "1871"]
[PlyCount "81"]
[EventDate "2004.??.??"]

1. d4 d5 2. Nf3 Nc6 3. Bf4 Bf5 4. c3 Nf6 5. e3 e6 6. Bb5 a6 7. Bxc6+ bxc6 8.
Qa4 Bd6 9. Qxc6+ Ke7 10. Nbd2 Qb8 11. b3 Bd3 12. c4 dxc4 13. Nxc4 Bb4+ 14. Ncd2
Nd5 15. Rc1 Ra7 16. Ne5 Bb5 17. Qc2 Nxf4 18. exf4 Rd8 19. a4 Be8 20. O-O c5 21.
Ndf3 cxd4 22. Qxh7 Bd6 23. Qxg7 Bxe5 24. Nxe5 Rd5 25. Ng6+ Kd7 26. Ne5+ Ke7 27.
Rfd1 Rc7 28. Qg5+ Kd6 29. Qf6 d3 30. Rxc7 Qxc7 31. Nc4+ Kd7 32. g3 Kc8 33. Qc3
Rc5 34. Rxd3 Bxa4 35. Qh8+ Kb7 36. Nd6+ Ka7 37. Qd4 Ka8 38. bxa4 Rd5 39. Qh8+
Ka7 40. Rxd5 exd5 41. Qd4+ 1-0

[Event "PKL 2004 Kampioensgroep"]
[Site "PKL 2004 Kampioensgroep ronde "]
[Date "2004.11.20"]
[Round "2"]
[White "Bus, Tom"]
[Black "Seip, Rien"]
[Result "1-0"]
[WhiteElo "2072"]
[BlackElo "1949"]
[PlyCount "105"]
[EventDate "2004.??.??"]

1. c4 g6 2. g3 Bg7 3. Bg2 d6 4. Nc3 Nf6 5. d3 O-O 6. Bg5 h6 7. Bd2 c5 8. Nf3
Nc6 9. O-O Kh7 10. Rb1 Be6 11. a3 d5 12. cxd5 Nxd5 13. Ne4 b6 14. b4 Qd7 15.
bxc5 f5 16. Neg5+ hxg5 17. Nxg5+ Kh8 18. Qa4 Bd4 19. e3 Bxc5 20. d4 Nxd4 21.
Qxd7 Ne2+ 22. Kh1 Bxd7 23. Bxd5 Rad8 24. Bf3 Bc8 25. Rfd1 Rxd2 26. Rxd2 Nc3 27.
Rb3 Ne4 28. Nxe4 fxe4 29. Bxe4 Be6 30. Rbd3 Bc4 31. Rd8 Rxd8 32. Rxd8+ Kg7 33.
a4 a5 34. Bc6 Kf6 35. Kg2 Ke6 36. Bd7+ Kf6 37. Bb5 Bxb5 38. axb5 a4 39. Ra8 a3
40. Kf3 Ke5 41. Ra4 Bd6 42. Ke2 Kd5 43. Kd3 e5 44. e4+ Ke6 45. Ra7 g5 46. h3
Bc5 47. f3 Bf2 48. Rxa3 Bxg3 49. Rc3 Bf2 50. Rc6+ Kf7 51. Kc4 Bd4 52. Kd5 Kf8
53. Re6 1-0

[Event "PKL 2004 Eerste Klasse"]
[Site "PKL 2004 Eerste Klasse ronde 2"]
[Date "2004.11.20"]
[Round "2"]
[White "Schotanus, Fred"]
[Black "Heirich, Andreas"]
[Result "1/2-1/2"]
[WhiteElo "1842"]
[BlackElo "1773"]
[PlyCount "98"]
[EventDate "2004.??.??"]

1. e4 d6 2. d4 Nf6 3. Nc3 g6 4. Nf3 Bg7 5. Be2 O-O 6. O-O Nbd7 7. h3 e5 8. Be3
c6 9. Qd2 Re8 10. dxe5 Nxe5 11. Nxe5 dxe5 12. Rad1 Qe7 13. Qd6 Bf8 14. Qxe7
Bxe7 15. a3 Nd7 16. Bc4 b5 17. Bb3 a5 18. Rd2 a4 19. Ba2 b4 20. Nb1 Nc5 21.
Bxc5 Bxc5 22. Bc4 bxa3 23. Nxa3 Bxa3 24. bxa3 Ba6 25. Bxa6 Rxa6 26. Rd7 Rb8 27.
Rfd1 Rb2 28. Re7 c5 29. Rdd7 Rf6 30. Rd2 Ra2 $10 31. Rxe5 Rc6 32. Re8+ Kg7 33.
Ra8 Ra1+ 34. Kh2 Rxa3 35. c4 Rc7 36. Ra5 Ra1 37. Rd5 a3 38. Rdxc5 Rxc5 39. Rxc5
a2 40. Ra5 Kf6 41. f4 Ke6 42. Ra6+ Kd7 43. c5 h6 44. g3 Kc7 45. c6 Kd6 46. e5+
Kc7 47. h4 h5 48. Kg2 Kb8 49. Kh2 Kc7 1/2-1/2

[Event "PKL 2004 Eerste Klasse"]
[Site "PKL 2004 Eerste Klasse ronde 2"]
[Date "2004.11.20"]
[Round "2"]
[White "Smit, Melvin"]
[Black "Sofic, Narcis"]
[Result "0-1"]
[WhiteElo "1755"]
[BlackElo "1605"]
[PlyCount "106"]
[EventDate "2004.??.??"]

1. d4 d5 2. c4 c6 3. cxd5 cxd5 4. Nc3 Nf6 5. Nf3 Nc6 6. Bf4 Ne4 7. e3 Qa5 8.
Qb3 e6 9. Bd3 Nd6 10. O-O Be7 11. Rac1 O-O 12. a3 Qd8 13. Qc2 f5 14. Ne5 g5 15.
Nxc6 bxc6 16. Be5 Nf7 17. f4 Nxe5 18. fxe5 c5 19. Qe2 c4 20. Bb1 g4 21. Qc2 Bg5
22. Rce1 Rb8 23. Qf2 Qe7 24. Re2 Rf7 25. Rc2 Bd7 26. Ne2 Ba4 27. Rd2 Bb5 28.
Rc1 h5 29. Nf4 h4 30. Ba2 Ba4 31. Rb1 Qe8 32. Qe1 Rfb7 33. Qf2 Bxf4 34. exf4
Qh5 35. g3 h3 36. Qe3 Qe8 37. Qc3 Qb5 38. Rf2 Bb3 39. Ra1 Bxa2 40. Rxa2 Qb3 41.
Qxb3 Rxb3 42. Rd2 Re3 43. Ra1 Reb3 44. Rad1 Kf7 45. Kf2 Rf3+ 46. Kg1 Ke7 47.
Kh1 Kd7 48. Kg1 Kc6 49. Kh1 Kb5 50. Kg1 Ka4 51. Kh1 Rd3 52. Kg1 Kb3 53. a4 a5
0-1

[Event "PKL 2004 Eerste Klasse"]
[Site "PKL 2004 Eerste Klasse ronde 2"]
[Date "2004.11.20"]
[Round "2"]
[White "Aben, Paul"]
[Black "Scheeren, Fred"]
[Result "0-1"]
[WhiteElo "1746"]
[BlackElo "1970"]
[PlyCount "73"]
[EventDate "2004.??.??"]

1. e4 c5 2. c4 Nc6 3. Nc3 g6 4. g3 Bg7 5. Bg2 e6 6. Nge2 Nge7 7. O-O d6 8. d3
O-O 9. Rb1 b6 10. a3 Bb7 11. b4 Qd7 12. Be3 Rac8 13. Qd2 Ne5 14. h3 d5 15. exd5
exd5 16. bxc5 bxc5 17. f4 N5c6 18. Bxc5 dxc4 19. Bxe7 Qxe7 20. dxc4 Ba6 21. Nb5
$10 Qc5+ 22. Kh2 Rfd8 23. Qc2 Bxb5 24. Rxb5 Qxa3 25. Rfb1 a6 26. Rb6 Nd4 27.
Nxd4 Bxd4 28. Rb7 Qc5 29. R7b4 Bg1+ 30. Kh1 Be3 31. Qa4 Bd2 32. Rb7 Qxc4 33.
Qxc4 Rxc4 34. Ra7 a5 35. Rbb7 Be3 36. Rxf7 Rc1+ 37. Kh2 0-1

[Event "PKL 2004 Tweede Klasse"]
[Site "PKL 2004 Tweede Klasse ronde 2"]
[Date "2004.11.20"]
[Round "2"]
[White "Kleijnen, Jos"]
[Black "Roesler, Manfred"]
[Result "0-1"]
[WhiteElo "1605"]
[BlackElo "1605"]
[PlyCount "36"]
[EventDate "2004.??.??"]

1. e4 d6 2. f4 g6 3. Nf3 Bg7 4. d4 Nf6 5. Bd3 O-O 6. h3 c5 7. Be3 cxd4 8. Nxd4
Nc6 9. c3 Nxd4 10. Bxd4 b6 11. Nd2 Bb7 12. Qe2 Nh5 13. Qf2 e5 14. fxe5 dxe5 15.
g4 exd4 16. gxh5 dxc3 17. Qe3 cxd2+ 18. Qxd2 Qh4+ 0-1

[Event "PKL 2004 Tweede Klasse"]
[Site "PKL 2004 Tweede Klasse ronde 2"]
[Date "2004.11.20"]
[Round "2"]
[White "Leenders, Hans"]
[Black "Schreurs, Joost"]
[Result "1-0"]
[WhiteElo "1659"]
[BlackElo "1605"]
[PlyCount "79"]
[EventDate "2004.??.??"]

1. Nf3 d5 2. d4 Nf6 3. h3 e6 4. Bf4 Nbd7 5. e3 c5 6. c4 cxd4 7. exd4 Bb4+ 8.
Nc3 dxc4 9. Bxc4 Nb6 10. Bb5+ Bd7 11. O-O Bxc3 12. Bxd7+ Qxd7 13. bxc3 Rc8 14.
Qb3 O-O 15. Rac1 Rfd8 16. Rfd1 Ne4 17. c4 Nf6 18. Ne5 Qc7 19. Bh2 Qe7 20. a4
Nfd7 21. a5 Nxe5 22. axb6 Nc6 23. d5 Nb8 24. bxa7 Na6 25. d6 Qd7 26. Qb5 Ra8
27. Qb6 f6 28. c5 Rdc8 29. c6 Rxc6 30. Rxc6 Qxc6 31. Qxc6 bxc6 32. Ra1 Nb4 33.
d7 Kf7 34. d8=Q Rxd8 35. a8=Q Rd5 36. Qb7+ Kg6 37. Qxb4 c5 38. Qg4+ Kf7 39.
Ra7+ Kf8 40. Qxg7+ 1-0

[Event "PKL 2004 Tweede Klasse"]
[Site "PKL 2004 Tweede Klasse ronde 2"]
[Date "2004.11.20"]
[Round "2"]
[White "Bomhoff, Bert"]
[Black "Janssen, Maurice"]
[Result "1/2-1/2"]
[WhiteElo "1605"]
[BlackElo "1615"]
[PlyCount "87"]
[EventDate "2004.??.??"]

1. d4 d5 2. c4 e6 3. Nc3 Nf6 4. Bg5 Be7 5. e3 O-O 6. Nf3 Nc6 7. a3 b6 8. cxd5
Nxd5 9. Bxe7 Ncxe7 10. Qc2 h6 11. Bd3 Nf6 12. O-O Bb7 13. Qe2 Bxf3 14. Qxf3 c5
15. Ne4 Nxe4 16. Qxe4 Ng6 17. h4 Qxh4 18. dxc5 bxc5 19. Rac1 Qxe4 20. Bxe4 Rac8
21. Bb7 Rc7 22. Ba6 Ne5 23. Rc2 Rb8 24. Rfc1 Nd7 25. b4 Rc6 26. Be2 Rbc8 27.
Bb5 R6c7 28. Bxd7 Rxd7 29. Rxc5 Rxc5 30. Rxc5 Kf8 $10 31. Rc8+ Ke7 32. b5 Rb7
33. a4 Kd7 34. Rc5 Rc7 35. Rxc7+ Kxc7 36. a5 Kd6 37. Kf1 Kc5 38. b6 Kc6 39.
bxa7 Kb7 40. a8=Q+ Kxa8 41. Ke2 Ka7 42. Kd3 Ka6 43. Kc4 Kxa5 44. Kc5 1/2-1/2

[Event "PKL 2004 Tweede Klasse"]
[Site "PKL 2004 Tweede Klasse ronde 2"]
[Date "2004.11.20"]
[Round "2"]
[White "van Vliembergen, Marina"]
[Black "Clevers, Frank"]
[Result "1/2-1/2"]
[WhiteElo "1605"]
[BlackElo "1609"]
[PlyCount "50"]
[EventDate "2004.??.??"]

1. e4 c5 2. Nc3 e6 3. g3 d6 4. Bg2 g6 5. d3 Bg7 6. Be3 Nc6 7. Nge2 Nge7 8. Qd2
O-O 9. O-O a6 10. Bh6 b5 11. Bxg7 Kxg7 12. Nf4 b4 13. Nce2 e5 14. Nh3 Ng8 15.
f4 f6 16. Rf2 Bg4 17. Raf1 Qd7 18. f5 Bxh3 19. Bxh3 g5 20. Bg4 Qe8 21. h3 h5
22. Bf3 Nh6 23. Rh2 Rh8 24. Kf2 Nf7 25. Rfh1 Qe7 1/2-1/2

[Event "PKL 2004 Kampioensgroep"]
[Site "PKL 2004 Kampioensgroep ronde "]
[Date "2004.11.??"]
[Round "3"]
[White "van Haren, Marcel"]
[Black "Simenon, Jozef"]
[Result "0-1"]
[WhiteElo "1871"]
[BlackElo "2065"]
[PlyCount "78"]
[EventDate "2004.??.??"]

1. e4 c5 2. Nc3 Nc6 3. f4 g6 4. Nf3 Bg7 5. Bc4 e6 6. f5 Nge7 7. fxe6 dxe6 8. d3
O-O 9. O-O b6 10. Qe1 Nd4 11. Qh4 Nec6 12. Bg5 f6 13. Bh6 Nxc2 14. Rac1 N2d4
15. Kh1 Bd7 16. Bxg7 Kxg7 17. g4 Qe7 18. Nxd4 Nxd4 19. e5 Bc6+ 20. Ne4 Bxe4+
21. dxe4 Rae8 22. exf6+ Rxf6 23. g5 Rxf1+ 24. Rxf1 Rf8 25. Qh6+ Kg8 26. Rxf8+
Qxf8 27. Qxf8+ Kxf8 28. Kg2 Ke7 29. Kf2 b5 30. Bd3 c4 31. Bf1 Kd6 32. Ke3 Ke5
33. h4 Nc2+ 34. Kd2 Nb4 35. a3 Nc6 36. Ke3 Nd4 37. Bh3 Nb3 38. Bg4 Nc5 39. Bf3
Na4 0-1

[Event "PKL 2004 Kampioensgroep"]
[Site "PKL 2004 Kampioensgroep ronde "]
[Date "2004.11.??"]
[Round "3"]
[White "Metsemakers, Peter"]
[Black "Coenen, Eduard"]
[Result "0-1"]
[WhiteElo "1900"]
[BlackElo "2008"]
[PlyCount "72"]
[EventDate "2004.??.??"]

1. d4 d5 2. Nf3 c6 3. Bf4 Bf5 4. e3 e6 5. Bd3 Bxd3 6. Qxd3 Bd6 7. Bxd6 Qxd6 8.
Nbd2 Nf6 9. Ne5 O-O 10. O-O c5 11. c3 Nc6 12. f4 c4 13. Qc2 b5 14. Rf3 b4 15.
Rh3 bxc3 16. bxc3 Rab8 17. g4 g6 18. g5 Nd7 19. Ndf3 Ncxe5 20. Nxe5 Nxe5 21.
dxe5 Qb6 22. Rf1 Qb2 23. Rf2 Qa1+ 24. Kg2 Rb1 25. Rhf3 Rc1 26. Qa4 Rxc3 27. f5
gxf5 28. Qd7 Rc1 29. Qe7 Rg1+ 30. Kh3 Qxe5 31. Rxf5 Qe4 32. R5f4 Qg6 33. Rh4
Qxg5 34. Rf6 Qg7 35. Rhh6 Rg2 36. Rxh7 Qg4# 0-1